000 00499nam a2200181Ia 4500
003 OSt
005 20251111113516.0
008 250729s2005 xx 000 0 und d
040 _cAL
041 _akan
082 _a372.25 LOKP
100 _aಲೋಕಾಪೂರ ಐ ಎ
_9224191
245 _aಪ್ರೌಢ ಶಿಕ್ಶಣ ಹಾಗೂ ಶಿಕ್ಶಕನ ಕಾರ್ಯಗಳು
260 _aಗದಗ
_c2005
300 _a315p
650 _aEducation
_9224192
942 _2ddc
_cBED
999 _c236288
_d236288